Statistics for English Imperial Units of Measurement

Click here to take the quiz!

General Stats

  • This quiz has been taken 337 times
    (98 since last reset)
  • The average score is 8 of 22

Answer Stats

Unit of...EquivalentAnswer% Correct
Area4840 square yardsAcre
94%
Volume (beer)36 gallonsBarrel
66%
Mass14 poundsStone
60%
Length (horses)4 inchesHand
59%
Length (at sea)6080 feetNautical Mile
59%
Mass16 dramsAvoirdupois Ounce
55%
Mass5760 grainsTroy Pound
51%
Length8th of a mileFurlong
50%
Length3 milesLeague
47%
Length (depth)6 feetFathom
45%
Length22 yardsChain
31%
Volume8 gallonsBushel
28%
Mass20th of a tonHundredweight
24%
Length5.5 yardsRod, Pole or Perch
20%
Volume (dry)2 gallonsPeck
19%
VolumeQuarter of a pintGill
16%
Volume (wine)52.5 gallonsHogshead
16%
Length9 inchesSpan
14%
Volume (beer)9 gallonsFirkin
13%
Length (at sea)608 feetCable
10%
Area1210 square yardsRood
10%
Mass24 grainsPennyweight
3%

Score Distribution

Percentile by Number Answered

Percent of People with Each Score

Your Score History

You have not taken this quiz since the last reset